00644nam a22001817a 4500008004100000040005500041080001500096245004500111260003900156300001600195500001100211650001500222653001800237700002900255942001200284999001700296952014900313230808b |||||||| |||| 00| 0 eng d aNational Science LibrarycNational Science Library a629.78(05) aAdvances in space science and technology aNew York: bAcademic Press, c1963 axvii, 334p. aVol. 5 aTechnology aAstronautical aOrdway, Fredrick I (Ed.) 2udccBK c58293d58293 00102udc4066297805709111147aNSLbNSLcFF/Rk-2/C-12/R-5d1964-04-16hVol. 5, 1963l0o629.78(05)p4415r2023-08-08 00:00:00w1964-04-16yBK